Chinese New Year / (Record no. 101982)
[ view plain ]
| 000 -LEADER | |
|---|---|
| fixed length control field | 00429nam a2200169 a 4500 |
| 005 - DATE AND TIME OF LATEST TRANSACTION | |
| control field | 20140412111223.0 |
| 008 - FIXED-LENGTH DATA ELEMENTS--GENERAL INFORMATION | |
| fixed length control field | 100122s19uu xx 00 eng d |
| 020 ## - INTERNATIONAL STANDARD BOOK NUMBER | |
| International Standard Book Number | 0-516-27375-2 |
| 050 ## - LIBRARY OF CONGRESS CALL NUMBER | |
| Classification number | M 394.261 |
| Item number | M36 2001 |
| 100 ## - MAIN ENTRY--PERSONAL NAME | |
| Personal name | Marx, David |
| 245 ## - TITLE STATEMENT | |
| Title | Chinese New Year / |
| Statement of responsibility, etc | David Marx. |
| 260 ## - PUBLICATION, DISTRIBUTION, ETC. (IMPRINT) | |
| Place of publication, distribution, etc | U.S.A : |
| Name of publisher, distributor, etc | Scholastic, |
| Date of publication, distribution, etc | 2001. |
| 300 ## - PHYSICAL DESCRIPTION | |
| Extent | 31p. |
| 440 ## - SERIES STATEMENT/ADDED ENTRY--TITLE | |
| Title | Read about holidays |
| 650 ## - SUBJECT ADDED ENTRY--TOPICAL TERM | |
| Topical term or geographic name as entry element | Holidays |
| Withdrawn status | Lost status | Damaged status | Use restrictions | Home library | Current library | Shelving location | Date acquired | Source of acquisition | Cost, normal purchase price | Total Checkouts | Full call number | Barcode | Date last seen | Price effective from | Koha item type |
|---|---|---|---|---|---|---|---|---|---|---|---|---|---|---|---|
| Elizalde Library | Elizalde Library | Main Section | 01/22/2010 | 85.00 | M 394.261 M36 2001 | E0223 | 04/12/2014 | 04/12/2014 | Books |